00449pab a2200145 454500008004000000100002400040245008600064260000900150300001300159362001400172650003300186650003200219700002300251773002900274180718b2012 xxu||||| |||| 00| 0 eng d aPrasad, D. Ravindra aPublic private partnerships in urban infrastructure in India: Policy and practice c2012 ap.23-44. aJan - Mar aUrban basic services - India aPublic private partnerships aChary, V. Srinivas aManagement in Government